000 00307nam a22001337a 4500
008 180918b xxu||||| |||| 00| 0 eng d
020 _a9780071454285
041 _aeng
080 _211 ED
_a610
100 _a4
101 _aSHM
245 _aClinical Pocket Reference
_cGomella.L.G
942 _2udc
_cBK
999 _c47919
_d47919